000 00433nam a2200157Ia 4500
008 170713s9999 xx 000 0 und d
040 _aPK-NaQUE
100 _a13CE06
100 _aQaiser Mustafa Mughal
245 0 _aDrinking Water Quality Assessment Of Nawabshah City And It's Impact On Public Health
260 _aNawabshah
260 _bQUEST
260 _c2013
300 _a66
700 _aDepartment Of Civil Engineering
999 _c57635
_d57632